000 00880nmm a2200277 a 4500
001 ocm0002016457
003 TR-IsHL
005 20201028180514.0
008 181210s2017 tu tur
007 cr cn
020 _a9786052970836
035 _a2016457
_b(N$T)
050 0 4 _aPL248.B454
_bA58 2017
090 0 4 _aPL248.B454
_bA58 2017
100 1 _aBilici, Gizem
245 1 0 _aAnsızın seven ben: güzel sevenlerin hikayesi" 2
_h[electronic resource] /
_cGizem Bilici
250 _a1. Baskı
260 _aİstanbul :
_bYakamoz Kitap,
_c2017
300 _a383 p.
650 4 _aDil ve Edebiyat
650 4 _aLanguage and Literature
650 0 _aTürk romanı
650 0 _aTurkish fiction
650 7 _aLITERARY COLLECTIONS / Middle Eastern
_2bisacsh
856 4 0 _uhttp://search.ebscohost.com/login.aspx?direct=true&scope=site&db=e011xww&AN=2016457
999 _c19172
_d19172